| 000 | 00509nam a2200169 i 4500 | ||
|---|---|---|---|
| 001 | 49356 | ||
| 003 | ES-MaACL | ||
| 005 | 20230906161932.0 | ||
| 007 | t| | ||
| 008 | 030714s1960 xxu ||||1| gao d | ||
| 100 | 1 |
_aCortezón, Daniel ( _d1927-2009) _940926 |
|
| 245 | 1 | 0 |
_aDe la saudade y sus formas _b: ensayo / _cDaniel Cortezón. |
| 260 |
_aNueva York : _bCasa de Galicia, _c[1960] ( _fFaro de Vigo) |
||
| 300 |
_a173 p. ; _c22 cm. |
||
| 650 | 4 |
_aNostalgia. _9166825 |
|
| 852 |
_aES-MaACL _jC-17636 _bR.45939 |
||
| 999 |
_c49356 _d49356 |
||